[Event "Gibraltar ChallWk1 8th"]
[Site "Gibraltar"]
[Date "2010.01.26"]
[Round "1.9"]
[White "Ungureanu, Sandu"]
[Black "Kawuma, Steven Male"]
[Result "1/2-1/2"]
[WhiteElo "2094"]
[BlackElo "2187"]
[PlyCount "87"]
[EventDate "2010.01.26"]
[EventType "swiss"]
[EventRounds "5"]
[EventCountry "GGB"]
[SourceTitle "BritBase"]
[Source "www.saund.co.uk"]
[SourceDate "2018.02.10"]
[SourceVersion "1"]
[SourceVersionDate "2018.02.10"]
[SourceQuality "1"]

1. c4 Nf6 2. Nc3 g6 3. d4 Bg7 4. e4 d6 5. f4 O-O 6. Nf3 c5 7. d5 a6 8. a4 e6 9.
Be2 exd5 10. exd5 Re8 11. O-O Ng4 12. Re1 Bf5 13. h3 Ne3 14. Bxe3 Rxe3 15. Qd2
Re8 16. Bd3 Rxe1+ 17. Rxe1 Bxd3 18. Qxd3 Nd7 19. Ne4 Nf6 20. b3 Rb8 21. g4 Nxe4
22. Qxe4 b5 23. axb5 axb5 24. Qe7 Qxe7 25. Rxe7 bxc4 26. bxc4 Rb2 27. Re8+ Bf8
28. f5 gxf5 29. gxf5 Rc2 30. f6 Rxc4 31. Ng5 Rf4 32. Ne4 c4 33. Nxd6 c3 34. Rc8
c2 35. Nxf7 Kxf7 36. Rxc2 Kxf6 37. Re2 Bc5+ 38. Kg2 Rd4 39. Re6+ Kg7 40. Rc6
Rxd5 41. Kf3 Rd3+ 42. Ke4 Rc3 43. Kd5 Rxh3 44. Rxc5 1/2-1/2

[Event "Gibraltar ChallWk1 8th"]
[Site "Gibraltar"]
[Date "2010.01.26"]
[Round "1.39"]
[White "Chidi, Lovinia Sylvia"]
[Black "Odeh, Kenneth"]
[Result "0-1"]
[WhiteElo "1832"]
[BlackElo "2012"]
[PlyCount "118"]
[EventDate "2010.01.26"]
[EventType "swiss"]
[EventRounds "5"]
[EventCountry "GGB"]
[SourceTitle "BritBase"]
[Source "www.saund.co.uk"]
[SourceDate "2018.02.10"]
[SourceVersion "1"]
[SourceVersionDate "2018.02.10"]
[SourceQuality "1"]

1. d4 Nf6 2. Nf3 g6 3. g3 Bg7 4. Bg2 O-O 5. O-O d5 6. Nbd2 c6 7. Re1 Ne4 8. c3
f5 9. Ne5 Nd7 10. Nxd7 Qxd7 11. f3 Nd6 12. e4 fxe4 13. fxe4 dxe4 14. Nxe4 Nxe4
15. Bxe4 e5 16. d5 c5 17. Be3 Qd6 18. Qd2 Bf5 19. Bg2 c4 20. Bh6 Bxh6 21. Qxh6
Rae8 22. Qe3 b6 23. a4 a5 24. Rad1 Bc2 25. Rd2 Bxa4 26. Bh3 Kg7 27. Be6 Rf6 28.
Rde2 Bd7 29. Qxe5 Qxe5 30. Rxe5 Bxe6 31. dxe6 Rf5 32. R5e4 Rc5 33. Rf1 Re7 34.
Rfe1 Rc6 35. h4 Rc5 36. Kg2 Kf8 37. Rd4 Rc6 38. Kf2 Ke8 39. Re5 Rexe6 40. Rxe6+
Rxe6 41. Rxc4 Kd7 42. Kf3 Re5 43. Rd4+ Kc6 44. g4 Rd5 45. Rc4+ Kb5 46. Rc7 Rd2
47. b3 Rb2 48. b4 a4 49. Rxh7 a3 50. Ra7 Rb3 51. h5 Rxc3+ 52. Ke4 gxh5 53. gxh5
Kxb4 54. h6 Rh3 55. h7 b5 56. Kd4 Kb3 57. Rb7 b4 58. Kc5 Rh5+ 59. Kd4 a2 0-1

[Event "Gibraltar ChallWk2 8th"]
[Site "Gibraltar"]
[Date "2010.01.31"]
[Round "1.53"]
[White "Lake, Andrew N"]
[Black "Perez Reisler, Jose"]
[Result "1-0"]
[WhiteElo "1840"]
[BlackElo "2001"]
[PlyCount "73"]
[EventDate "2010.01.31"]
[EventType "swiss"]
[EventRounds "5"]
[EventCountry "GGB"]
[SourceTitle "BritBase"]
[Source "www.saund.co.uk"]
[SourceDate "2018.02.10"]
[SourceVersion "1"]
[SourceVersionDate "2018.02.10"]
[SourceQuality "1"]

1. e4 c5 2. Nc3 Nc6 3. g3 g6 4. Bg2 Bg7 5. d3 e6 6. Be3 d6 7. Qd2 Nd4 8. Nd1
Ne7 9. c3 Ndc6 10. f4 O-O 11. Nf3 Rb8 12. O-O b5 13. Nf2 b4 14. Rfc1 Bd7 15. g4
Qa5 16. Nd1 bxc3 17. bxc3 d5 18. Qf2 d4 19. cxd4 cxd4 20. Nxd4 Nb4 21. Qd2 Qa6
22. a3 Nxd3 23. Bf1 Bxd4 24. Bxd4 Bb5 25. Rc3 Rbd8 26. Qe3 Nxf4 27. Bf6 Ned5
28. Bxb5 Qxb5 29. exd5 Ne2+ 30. Kf2 Nxc3 31. Nxc3 Qb2+ 32. Kg3 Qxa1 33. Ne4 e5
34. Qh6 Qe1+ 35. Kh3 Qf1+ 36. Kh4 Qe1+ 37. Ng3 1-0

[Event "Gibraltar ChallWk2 8th"]
[Site "Gibraltar"]
[Date "2010.02.01"]
[Round "2.27"]
[White "Moreno Cervera, Jose Luis"]
[Black "Lipecki, Alexander"]
[Result "0-1"]
[WhiteElo "1929"]
[BlackElo "2146"]
[PlyCount "98"]
[EventDate "2010.01.31"]
[EventType "swiss"]
[EventRounds "5"]
[EventCountry "GGB"]
[SourceTitle "BritBase"]
[Source "www.saund.co.uk"]
[SourceDate "2018.02.10"]
[SourceVersion "1"]
[SourceVersionDate "2018.02.10"]
[SourceQuality "1"]

1. d4 Nf6 2. Bf4 c6 3. c3 d5 4. e3 Bf5 5. Nf3 h6 6. h3 Qb6 7. Qb3 e6 8. Be2
Nbd7 9. Nbd2 c5 10. dxc5 Bxc5 11. Qxb6 Bxb6 12. Nd4 Bg6 13. N2f3 a6 14. Bd6 Ne4
15. Ba3 Bc5 16. Bxc5 Nexc5 17. O-O Na4 18. b3 Nxc3 19. Rfc1 Nxe2+ 20. Nxe2 Kd8
21. Rc3 Rc8 22. Rac1 Rxc3 23. Rxc3 Be4 24. Nd2 Nf6 25. f3 Bh7 26. b4 Kd7 27.
Nb3 b6 28. Nbc1 Ne8 29. b5 axb5 30. Ra3 Nc7 31. Nd4 e5 32. Nde2 Ra8 33. Rb3 Ra4
34. Nc3 Rc4 35. N1e2 Kc6 36. Kf2 b4 37. Na4 Bc2 38. Nxb6 Bxb3 39. axb3 Kxb6 40.
bxc4 dxc4 41. Ke1 Kc5 42. Kd2 f5 43. g4 e4 44. fxe4 fxe4 45. Ng3 c3+ 46. Kc2
Kc4 47. Nxe4 b3+ 48. Kb1 Nb5 49. Ka1 Na3 0-1

[Event "Gibraltar ChallWk2 8th"]
[Site "Gibraltar"]
[Date "2010.02.01"]
[Round "2.50"]
[White "Osttveit, Martin"]
[Black "Gunnesdal, Lars"]
[Result "1/2-1/2"]
[WhiteElo "2069"]
[BlackElo "2125"]
[PlyCount "62"]
[EventDate "2010.01.31"]
[EventType "swiss"]
[EventRounds "5"]
[EventCountry "GGB"]
[SourceTitle "BritBase"]
[Source "www.saund.co.uk"]
[SourceDate "2018.02.10"]
[SourceVersion "1"]
[SourceVersionDate "2018.02.10"]
[SourceQuality "1"]

1. e4 c5 2. Nc3 g6 3. f4 Bg7 4. Nf3 e6 5. d4 cxd4 6. Nxd4 a6 7. Be3 Ne7 8. Be2
d5 9. exd5 Nxd5 10. Nxd5 Qxd5 11. O-O O-O 12. Bf3 Qa5 13. Qe2 Qc7 14. Qf2 Bd7
15. c3 Nc6 16. Nb3 e5 17. Bb6 Qc8 18. Rad1 exf4 19. Nc5 Bf5 20. Bd5 Be5 21. Nd3
Bxd3 22. Rxd3 Kg7 23. Bc5 Re8 24. g3 Qf5 25. Rf3 Rad8 26. Bb3 Rd3 27. Rxd3 Qxd3
28. gxf4 Bf6 29. Bc2 Qc4 30. Bb3 Qd3 31. Bc2 Qc4 1/2-1/2